|
|
|
|
| LEADER |
00000ntm a22000007u 4500 |
| 001 |
zp12420 |
| 041 |
|
|
|a cze
|
| 100 |
1 |
|
|a Růžičková, Inka
|4 dis
|
| 245 |
1 |
0 |
|a Projekt zvýšení prodejnosti výrobků firmy GEOMAT s.r.o. zvýšením úrovně zákaznických služeb
|
| 246 |
|
|
|a The project of sales promotion of GEOMAT s.r.o. company products by improving the quality of cusomer services
|
| 260 |
|
|
|c 2009
|
| 300 |
|
|
|a 71 s., 9 s.
|
| 500 |
|
|
|a Studijní obor: Management a marketing
|
| 500 |
|
|
|a Studijní obor: Management and Marketing
|
| 500 |
|
|
|a Ústav: Ústav managementu a marketingu
|
| 500 |
|
|
|a Univerzita Tomáše Bati ve Zlíně. Fakulta managementu a ekonomiky
|
| 500 |
|
|
|a Tomas Bata University in Zlín. Faculty of Management and Economics
|
| 506 |
|
|
|a Pouze v rámci univerzity
|
| 653 |
|
|
|a poskytované služby
|
| 653 |
|
|
|a vztahový marketing
|
| 653 |
|
|
|a analýza prostředí
|
| 653 |
|
|
|a geosyntetika
|
| 653 |
|
|
|a aplikační oblasti geosyntetik
|
| 653 |
|
|
|a technická podpora
|
| 653 |
|
|
|a odborný seminář
|
| 653 |
|
|
|a obchodní zástupci
|
| 653 |
|
|
|a providing services
|
| 653 |
|
|
|a relatinoship marketing
|
| 653 |
|
|
|a environment analysis
|
| 653 |
|
|
|a geosyntetics
|
| 653 |
|
|
|a application field of geosyntetics
|
| 653 |
|
|
|a technical support
|
| 653 |
|
|
|a specialistic seminar
|
| 653 |
|
|
|a sales representative
|
| 655 |
|
4 |
|a diplomová práce
|
| 700 |
1 |
|
|a Kozák, Vratislav
|4 ths
|
| 710 |
2 |
|
|a Univerzita Tomáše Bati ve Zlíně. Fakulta managementu a ekonomiky
|4 dgg
|
| 710 |
2 |
|
|a Tomas Bata University in Zlín. Faculty of Management and Economics
|4 dgg
|
| 856 |
4 |
0 |
|u http://hdl.handle.net/10563/8251
|y Plný text v Digitální knihovně UTB
|